| 000 | 00536nam a2200217Ia 4500 | ||
|---|---|---|---|
| 008 | 161112s9999 xx 000 0 und d | ||
| 020 | _a978-0-471-44381-0 | ||
| 050 | _aCUL TX 773 | ||
| 050 | _b.A44 2007 | ||
| 100 | _aAmernick, Ann. | ||
| 245 | 4 | _aThe Art of the dessert / | |
| 245 | 0 | _cAnn Amernick. | |
| 260 | _aNew Jersey : | ||
| 260 | _bJohn Wiley & Sons Inc., | ||
| 260 | _c2007 | ||
| 300 | _a350 pages : | ||
| 300 | _bcolor illustrations ; | ||
| 300 | _c24 cm. | ||
| 500 | _aIncludes index. | ||
| 650 | _aDesserts. | ||
| 999 |
_c305219 _d305219 |
||